[Event "Guwahati op 3rd"]
[Site "Guwahati"]
[Date "2019.10.08"]
[Round "2"]
[White "Challangga, D Sangma"]
[Black "Koustav, Chatterjee"]
[Result "0-1"]
[WhiteElo "1467"]
[BlackElo "2442"]
[PlyCount "72"]
[EventDate "2019.10.07"]
[EventType "swiss"]
[EventRounds "10"]
[EventCountry "IND"]
[SourceTitle "CBM 192 Extra"]
[Source "Chessbase"]
[SourceDate "2019.11.06"]
[SourceVersion "1"]
[SourceVersionDate "2019.11.06"]
[SourceQuality "1"]

1. d4 d5 2. Nf3 Nf6 3. Bf4 c5 4. c3 Nc6 5. e3 Qb6 6. Qb3 c4 7. Qc2 Bf5 8. Qc1 Nh5 9. Bg3 e6 10. Nbd2 Rc8 11. Be2 h6 12. 0-0 Nxg3 13. hxg3 Qa5 14. Re1 Be7 15. Bd1 Bh7 16. Bc2 f5 17. Qb1 h5 18. Kf1 g5 19. Ke2 Kf7 20. Rh1 Bg6 21. Rh2 Bf6 22. Rh1 Kg7 23. Rh2 b5 24. a3 Qc7 25. Rh1 Rb8 26. Kf1 Nd8 27. Ke2 Nf7 28. Kf1 Rhc8 29. Ke2 a5 30. Rc1 Be7 31. Qa2 h4 32. gxh4 g4 33. Ng5 Nxg5 34. hxg5 Bxg5 35. g3 e5 36. Qb1 Rf8 0-1